The secret agent and other spy kids / (Record no. 623)

MARC details
000 -LEADER
fixed length control field 01291cam a2200313 a 4500
005 - DATE AND TIME OF LATEST TRANSACTION
control field 20231211145830.0
020 ## - INTERNATIONAL STANDARD BOOK NUMBER
International Standard Book Number 0439848350 (pbk.)
020 ## - INTERNATIONAL STANDARD BOOK NUMBER
International Standard Book Number 9780439848350 (pbk.)
040 ## - CATALOGING SOURCE
Original cataloging agency DLC
Language of cataloging eng
Transcribing agency DLC
Modifying agency DLC
050 00 - LIBRARY OF CONGRESS CALL NUMBER
Classification number UB270.5
Item number .Z85 2006
082 04 - DEWEY DECIMAL CLASSIFICATION NUMBER
Classification number 327.12
Edition number 22
100 1# - MAIN ENTRY--PERSONAL NAME
Personal name Zullo, Allan.
245 14 - TITLE STATEMENT
Title The secret agent and other spy kids /
Statement of responsibility, etc. Allan Zullo.
260 ## - PUBLICATION, DISTRIBUTION, ETC.
Place of publication, distribution, etc. New York :
Name of publisher, distributor, etc. Scholastic,
Date of publication, distribution, etc. 2006.
300 ## - PHYSICAL DESCRIPTION
Extent 147 pages :
Dimensions 20 cm.
490 0# - SERIES STATEMENT
Series statement Ten true tales
505 0# - FORMATTED CONTENTS NOTE
Formatted contents note U
505 0# - FORMATTED CONTENTS NOTE
Formatted contents note Carolina heroine -- Texas rat -- Newsboy -- Rebel Joan of Arc -- Slave boy -- Boy martyr -- Boy scout -- School girl -- Peasant girl -- Hungry orphan.
520 ## - SUMMARY, ETC.
Summary, etc. Ten true stories of real-life kid spies! Can you imagine crossing enemy lines to deliver a secret message? Or spying on your enemy from the attic of their hideout? Read the 10 True Tales from kids just like you who risked their lives to be spies!
521 ## - TARGET AUDIENCE NOTE
Target audience note 980 <br/>
Source Lexile
521 ## - TARGET AUDIENCE NOTE
Target audience note U <br/>
Source Raz-Plus
650 #0 - SUBJECT ADDED ENTRY--TOPICAL TERM
Topical term or geographic name entry element Spies
Form subdivision Biography
-- Juvenile literature.
650 #0 - SUBJECT ADDED ENTRY--TOPICAL TERM
Topical term or geographic name entry element Espionage
General subdivision History
Form subdivision Juvenile literature.
650 #0 - SUBJECT ADDED ENTRY--TOPICAL TERM
Topical term or geographic name entry element Children and war
Form subdivision Juvenile literature.
650 #0 - SUBJECT ADDED ENTRY--TOPICAL TERM
Topical term or geographic name entry element Youth and war
Form subdivision Juvenile literature.
906 ## - LOCAL DATA ELEMENT F, LDF (RLIN)
a 7
b cbc
c origres
d 2
e ncip
f 20
g y-gencatlg
942 ## - ADDED ENTRY ELEMENTS (KOHA)
Source of classification or shelving scheme Dewey Decimal Classification
Koha item type Books
Suppress in OPAC No
999 ## -
-- 623
-- 623
Holdings
Withdrawn status Lost status Source of classification or shelving scheme Damaged status Not for loan Collection Home library Current library Shelving location Date acquired Total Checkouts Full call number Barcode Date last seen Price effective from Koha item type
    Dewey Decimal Classification     Non-Fiction Footprints International School Library Network Toul Kork Campus Footprints International School Library Network Toul Kork Campus   06/27/2023   ZUL 327.12 UB270.Z85 FISTK05140 10/02/2023 06/27/2023 Books